|
|
|
|
| LEADER |
00000cam a22000004a 4500 |
| 001 |
musev2_72078 |
| 003 |
MdBmJHUP |
| 005 |
20230905051426.0 |
| 006 |
m o d |
| 007 |
cr||||||||nn|n |
| 008 |
111216s2012 mdu o 00 0 eng d |
| 010 |
|
|
|z 2011048392
|
| 020 |
|
|
|a 9781421406718
|
| 020 |
|
|
|z 9781421406152
|
| 020 |
|
|
|z 9781421406145
|
| 035 |
|
|
|a (OCoLC)1139396282
|
| 040 |
|
|
|a MdBmJHUP
|c MdBmJHUP
|
| 100 |
1 |
|
|a Gleis, Joshua L.
|
| 245 |
1 |
0 |
|a Hezbollah and Hamas :
|b A Comparative Study /
|c Joshua L. Gleis and Benedetta Berti.
|
| 264 |
|
1 |
|a Baltimore :
|b Johns Hopkins University Press,
|c 2012.
|
| 264 |
|
3 |
|a Baltimore, Md. :
|b Project MUSE,
|c 2020
|
| 264 |
|
4 |
|c ©2012.
|
| 300 |
|
|
|a 1 online resource (264 pages):
|b illustrations, maps ;
|
| 336 |
|
|
|a text
|b txt
|2 rdacontent
|
| 337 |
|
|
|a computer
|b c
|2 rdamedia
|
| 338 |
|
|
|a online resource
|b cr
|2 rdacarrier
|
| 505 |
0 |
|
|a Hezbollah. The Lebanese players: a background ; Hezbollah: history and development ; Ideals and belief system ; Structure ; Strategies and tactics -- Hamas and militancy in the Palestinian territories. The Palestinian players: a background ; Hamas: history and development ; Ideals and belief system ; Structure ; Strategies and tactics -- Countering Hezbollah and Hamas. Israeli counterinsurgency and counterterrorism.
|
| 520 |
8 |
|
|a Recognizing that these two groups are increasingly relevant to U.S. national security, Gleis and Berti provide a comparative analysis of their histories and political missions that moves beyond reductionist portrayals of the organizations' military operations.
|
| 520 |
|
|
|a Hezbollah and Hamas are major players in Middle Eastern politics and have a growing involvement in global events. Despite their strikingly different beginnings, they share a common denominator-an adversary in Israel. Hezbollah and Hamas draws from primary interviews and documents coupled with a thorough review of current scholarship. This is a portrait of the organizations' roots, histories, ideologies, relationships, tactics, political outlooks, and futures. Joshua L. Gleis and Benedetta Berti present organization charts, maps, and a case study of the TriBorder Area in South America, which frequently serves as an operational center for terrorist groups.
|
| 588 |
|
|
|a Description based on print version record.
|
| 610 |
2 |
7 |
|a Ḥarakat al-Muqāwamah al-Islāmīyah.
|2 nli
|
| 610 |
2 |
7 |
|a Hizballah (Lebanon)
|2 nli
|
| 610 |
2 |
7 |
|a Ḥizb Allāh
|2 gnd
|
| 610 |
2 |
7 |
|a Ḥarakat al-Muqāwama al-Islāmīya Ḥamās
|2 gnd
|
| 610 |
2 |
7 |
|a Hizballah (Lebanon)
|2 fast
|0 (OCoLC)fst00648264
|
| 610 |
2 |
7 |
|a Ḥarakat al-Muqāwamah al-Islāmīyah.
|2 fast
|0 (OCoLC)fst00654141
|
| 610 |
2 |
4 |
|a Ḥarakat al-Muqāwamah al-Islāmīyah.
|
| 610 |
2 |
4 |
|a Hizballah (Lebanon)
|
| 610 |
2 |
0 |
|a Ḥarakat al-Muqāwamah al-Islāmīyah.
|
| 610 |
2 |
0 |
|a Hizballah (Lebanon)
|
| 650 |
|
7 |
|a Arab-Israeli conflict.
|2 nli
|
| 650 |
|
7 |
|a Islamic fundamentalism.
|2 nli
|
| 650 |
|
7 |
|a Islam and politics.
|2 nli
|
| 650 |
|
7 |
|a Nahostkonflikt
|2 gnd
|
| 650 |
|
7 |
|a Islam
|2 gnd
|
| 650 |
|
7 |
|a Fundamentalismus
|2 gnd
|
| 650 |
|
7 |
|a Islamic fundamentalism.
|2 fast
|0 (OCoLC)fst00979941
|
| 650 |
|
7 |
|a Islam and politics.
|2 fast
|0 (OCoLC)fst00979879
|
| 650 |
|
7 |
|a Arab-Israeli conflict.
|2 fast
|0 (OCoLC)fst00812220
|
| 650 |
|
6 |
|a Conflit israelo-arabe.
|
| 650 |
|
6 |
|a Integrisme islamique.
|
| 650 |
|
0 |
|a Arab-Israeli conflict.
|
| 650 |
|
0 |
|a Islamic fundamentalism.
|
| 650 |
|
0 |
|a Islam and politics.
|
| 655 |
|
7 |
|a Electronic books.
|2 local
|
| 700 |
1 |
|
|a Berti, Benedetta.
|
| 710 |
2 |
|
|a Project Muse.
|e distributor
|
| 830 |
|
0 |
|a Book collections on Project MUSE.
|
| 856 |
4 |
0 |
|z Texto completo
|u https://projectmuse.uam.elogim.com/book/72078/
|
| 945 |
|
|
|a Project MUSE - Custom Collection
|